| 000 | 00771nam a2200241Ia 4500 | ||
|---|---|---|---|
| 003 | GCL | ||
| 008 | 140319s9999 xx 000 0 ara d | ||
| 040 |
_aGCL / _cGCL |
||
| 082 | 0 | 4 |
_a320.101 _bح ح |
| 100 | 1 | _aحسن حنفى | |
| 245 | 1 | 0 |
_aحوار المشرق والمغرب وتلية سلسلة الردود والمناقشات / _cحسن حنفى |
| 700 | 1 | _aمحمد عابد الجابرى | |
| 700 | 1 | _aجلول فيصل (تقديم) | |
| 260 |
_a[S.N] : _bدار توبقال للنشر |
||
| 490 | _a | ||
| 650 | 0 | 4 | _aالعالم العربى |
| 650 | 0 | 4 | _aالعلم |
| 650 | 0 | 4 | _aالاحوال الاجتماعية |
| 650 | 0 | 4 | _aالاحوال السياسية |
| 650 | 0 | 4 | _aالثقافة |
| 650 | 0 | 4 | _aالاجتماع |
| 942 |
_2ddc _cBK |
||
| 999 |
_c32585 _d32585 |
||